000 00318nam a2200145Ia 4500
008 221030s9999 xx 000 0 und d
041 _aEnglish
082 _a105.23
100 _aRahul/167
245 0 _aH R Recuiment
250 _a2008
260 _aMULTISOFT SYSTEM NOIDA
_c2008
650 _aMCA
942 _cTH
999 _c10057
_d10057